[Event "CAN-ch"]
[Site "Montreal CAN"]
[Date "2017.06.29"]
[Round "5.10"]
[White "Lecomte, Andre"]
[Black "Chabot, Roland"]
[Result "0-1"]
[WhiteElo "1947"]
[BlackElo "2144"]
[WhiteFideId "-1"]
[WhiteFideId "-1"]
[PlyCount "82"]
[GameId "2160767908410886"]
[EventDate "2017.06.27"]
[EventType "swiss"]
[EventRounds "9"]
[EventCountry "CAN"]

1. e4 c5 2. Nf3 e6 3. d4 cxd4 4. Nxd4 Nf6 5. Bd3 Nc6 6. Nxc6 bxc6 7. O-O d5 8. Bg5 Be7 9. e5 Nd7 10. Bxe7 Qxe7 11. Qe2 Nc5 12. Nd2 a5 13. Rfe1 Nxd3 14. Qxd3 O-O 15. Re3 Ba6 16. Qc3 c5 17. Rg3 d4 18. Qf3 Bb7 19. Qg4 f5 20. Qf4 Bd5 21. a4 Rab8 22. b3 Rb4 23. h4 Rd8 24. Re1 c4 25. h5 cxb3 26. cxb3 Rc8 27. Nf3 d3 28. Qh6 Rg4 29. Qd2 Rxg3 30. fxg3 Bxf3 31. gxf3 Qc5+ 32. Kf1 Qd5 33. Re3 Rd8 34. Ke1 Qxb3 35. Kf2 Qd5 36. Ke1 Qd4 37. Kf1 Rd5 38. f4 Qxa4 39. Rxd3 Qc4 40. Ke2 Qe4+ 41. Qe3 Rxd3 0-1

[Event "CAN-ch"]
[Site "Montreal CAN"]
[Date "2017.06.29"]
[Round "5.11"]
[White "Ostaci, Liviu"]
[Black "Durette, Francis"]
[Result "0-1"]
[WhiteElo "1624"]
[BlackElo "2028"]
[WhiteFideId "-1"]
[WhiteFideId "-1"]
[PlyCount "136"]
[GameId "2160767908410887"]
[EventDate "2017.06.27"]
[EventType "swiss"]
[EventRounds "9"]
[EventCountry "CAN"]

1. d4 Nf6 2. Nf3 g6 3. g3 Bg7 4. Bg2 O-O 5. O-O d6 6. Bg5 Ne4 7. Be3 c5 8. c3 Qb6 9. Qb3 Qa6 10. Re1 Be6 11. d5 Bd7 12. Qc2 Nf6 13. Qd1 Qb6 14. Qd2 Na6 15. Na3 Nc7 16. c4 Ne4 17. Qc2 Bf5 18. Bc1 Qa5 19. Qd1 Bf6 20. Nc2 Qb6 21. Nh4 Bxh4 22. gxh4 Ne8 23. f3 N4f6 24. e4 Bd7 25. Kh1 e6 26. b3 Ng7 27. Be3 a5 28. Bg1 Qa6 29. Qd2 b5 30. Bf1 b4 31. Qg5 Nfh5 32. Qd2 Rad8 33. Red1 Qb6 34. Bg2 f5 35. Be3 f4 36. Bf2 e5 37. Qe2 Qc7 38. Qf1 Qc8 39. Kg1 h6 40. a3 Qb7 41. axb4 axb4 42. Bh3 Kh7 43. Ra5 Nf6 44. Rda1 Ra8 45. Bxd7 Nxd7 46. Rxa8 Rxa8 47. Rxa8 Qxa8 48. Qa1 Qxa1+ 49. Nxa1 g5 50. hxg5 hxg5 51. h4 g4 52. Kg2 Nf6 53. Nc2 Kh6 54. Bg1 Kh5 55. Ne1 Kxh4 56. Bf2+ Kg5 57. Bg1 Ngh5 58. Bf2 Ng7 59. Nd3 gxf3+ 60. Kxf3 Ngh5 61. Nc1 Ng4 62. Bg1 Ng3 63. Nd3 Nf6 64. Nf2 Kh4 65. Bh2 Nf1 66. Bg1 Nd2+ 67. Ke2 Nxb3 68. Nd3 Nxe4 0-1

[Event "CAN-ch"]
[Site "Montreal CAN"]
[Date "2017.06.29"]
[Round "5.12"]
[White "Masse, Hugues"]
[Black "Marchand, Jacques"]
[Result "1-0"]
[WhiteElo "2138"]
[BlackElo "1988"]
[WhiteFideId "-1"]
[WhiteFideId "-1"]
[PlyCount "73"]
[GameId "2160767908410888"]
[EventDate "2017.06.27"]
[EventType "swiss"]
[EventRounds "9"]
[EventCountry "CAN"]

1. d4 d5 2. c4 e6 3. Nf3 c5 4. cxd5 exd5 5. Nc3 Nf6 6. g3 Nc6 7. Bg2 Be7 8. O-O O-O 9. Bg5 cxd4 10. Nxd4 h6 11. Be3 Be6 12. Qa4 Qd7 13. Rfd1 a6 14. Rac1 b5 15. Qc2 Rac8 16. Qd3 Ne5 17. Qb1 b4 18. Nxe6 fxe6 19. Ne4 Qb5 20. Nxf6+ Bxf6 21. Bh3 Kf7 22. Rc2 Nc4 23. Bd4 Bxd4 24. Rxd4 Qb6 25. e3 Kg8 26. Qc1 Rcd8 27. b3 e5 28. Rd1 Na5 29. Rc5 d4 30. Rxe5 Nc6 31. Re6 dxe3 32. Rxe3 Nd4 33. Qc4+ Kh8 34. Bg2 Rxf2 35. Rxd4 Rxg2+ 36. Kxg2 Qxd4 37. Re8+ 1-0

[Event "CAN-ch"]
[Site "Montreal CAN"]
[Date "2017.06.29"]
[Round "5.13"]
[White "Gaisinsky, Adam"]
[Black "Mills, Morgon"]
[Result "1-0"]
[WhiteElo "1922"]
[BlackElo "2011"]
[WhiteFideId "-1"]
[WhiteFideId "-1"]
[PlyCount "49"]
[GameId "2160767908410889"]
[EventDate "2017.06.27"]
[EventType "swiss"]
[EventRounds "9"]
[EventCountry "CAN"]

1. e4 c6 2. Nc3 d5 3. Nf3 Nf6 4. e5 Ne4 5. d4 Bg4 6. h3 Bh5 7. e6 f5 8. g4 fxg4 9. Nxe4 gxf3 10. Ng3 Bg6 11. Qxf3 Qd6 12. Qg4 Bxc2 13. a3 g6 14. Bf4 h5 15. Bxd6 hxg4 16. Be5 Rh6 17. hxg4 Rxh1 18. Nxh1 g5 19. Kd2 Bh7 20. Bd3 Bxd3 21. Kxd3 Na6 22. Ng3 O-O-O 23. Rh1 c5 24. Nf5 cxd4 25. Rc1+ 1-0

[Event "CAN-ch"]
[Site "Montreal CAN"]
[Date "2017.06.29"]
[Round "6"]
[White "Song, Ziyuan"]
[Black "Clyde, Jordan"]
[Result "1/2-1/2"]
[WhiteElo "2182"]
[BlackElo "2121"]
[WhiteFideId "-1"]
[WhiteFideId "-1"]
[PlyCount "204"]
[GameId "2160767908410890"]
[EventDate "2017.06.27"]
[EventType "swiss"]
[EventRounds "9"]
[EventCountry "CAN"]
[SourceTitle "CBM 179 Extra"]
[Source "ChessBase"]
[SourceDate "2017.08.23"]
[SourceVersion "1"]
[SourceVersionDate "2017.08.23"]
[SourceQuality "1"]

1. e4 Nf6 2. e5 Nd5 3. d4 d6 4. Nf3 dxe5 5. Nxe5 c6 6. c4 Nb4 7. Be3 Bf5 8. Nd3 e5 9. Nxb4 Bxb4+ 10. Nc3 exd4 11. Bxd4 O-O 12. Be2 c5 13. Be3 Nc6 14. Rc1 Qxd1+ 15. Bxd1 Ne5 16. Be2 Nd3+ 17. Bxd3 Bxd3 18. a3 Ba5 19. f3 Bxc4 20. Bxc5 Rfe8+ 21. Kf2 Bc7 22. Ne4 Ba6 23. Rhe1 Bf4 24. Be3 Be5 25. b4 f5 26. f4 fxe4 27. fxe5 Rxe5 28. Rc7 b6 29. Bd4 Rf5+ 30. Ke3 Rg5 31. g3 Bd3 32. Rec1 a5 33. Re7 axb4 34. axb4 h5 35. Rcc7 h4 36. gxh4 Rg2 37. Rxg7+ Rxg7 38. Rxg7+ Kf8 39. h5 Ra2 40. Be5 Rxh2 41. Rg5 Rh3+ 42. Kd4 Kf7 43. Rg7+ Ke8 44. Rg5 Kf7 45. Bf4 Kf6 46. Rd5 Be2 47. Bg5+ Kf7 48. Rf5+ Kg7 49. h6+ Kg6 50. Re5 Rh5 51. Kxe4 Rh3 52. Bf4 Kf6 53. Rf5+ Ke6 54. Rf8 Bd3+ 55. Kd4 b5 56. Be3 Bc2 57. Kc5 Bd3 58. Rd8 Bc4 59. Bd4 Rh5+ 60. Kc6 Kf5 61. Rd6 Rh3 62. Bg7 Rh1 63. Kb6 Rh3 64. Kc6 Rh1 65. Kd7 Kg5 66. Rc6 Bd3 67. Rf6 Bc4 68. Kc7 Bd3 69. Kb6 Rh2 70. Rc6 Rh5 71. Bf8 Kf5 72. Kc7 Kg5 73. Kd7 Rh3 74. Rd6 Bc4 75. Be7+ Kf5 76. Ke8 Ke5 77. Kd8 Be6 78. Rb6 Rxh6 79. Rxb5+ Bd5 80. Kd7 Ra6 81. Bd8 Kd4 82. Rc5 Ra7+ 83. Bc7 Be4 84. Kc8 Bd5 85. Bb6 Ra8+ 86. Kc7 Rg8 87. Rc1+ Ke5 88. Bc5 Rg7+ 89. Kb6 Rb7+ 90. Ka6 Bg2 91. b5 Bf3 92. Rf1 Bd5 93. Bd4+ Ke4 94. b6 Kd3 95. Be5 Bg2 96. Rf4 Bh1 97. Bc7 Bc6 98. Ka5 Ke3 99. Kb4 Rxb6+ 100. Kc5 Rb7 101. Kxc6 Rxc7+ 102. Kxc7 Kxf4 1/2-1/2

[Event "CAN-ch"]
[Site "Montreal CAN"]
[Date "2017.06.29"]
[Round "6.2"]
[White "Sambuev, Bator"]
[Black "Yu, Zong Yang"]
[Result "1-0"]
[WhiteElo "2539"]
[BlackElo "2393"]
[WhiteFideId "-1"]
[WhiteFideId "-1"]
[PlyCount "53"]
[GameId "2160767908410893"]
[EventDate "2017.06.27"]
[EventType "swiss"]
[EventRounds "9"]
[EventCountry "CAN"]

1. d4 Nf6 2. c4 e6 3. Nc3 Bb4 4. e3 O-O 5. Bd3 d5 6. a3 Bxc3+ 7. bxc3 dxc4 8. Bxc4 c5 9. Ne2 Qc7 10. Bd3 Nc6 11. f4 b6 12. O-O Bb7 13. e4 Na5 14. e5 Ne4 15. Bxe4 Bxe4 16. Ng3 Qc6 17. Qe2 Bg6 18. Be3 Rac8 19. f5 Bxf5 20. Nxf5 exf5 21. Rxf5 cxd4 22. cxd4 Qd5 23. Raf1 Rc3 24. Qf2 Nc6 25. Bg5 g6 26. Rf6 Rb3 27. Bc1 1-0

[Event "CAN-ch"]
[Site "Montreal CAN"]
[Date "2017.06.29"]
[Round "6.6"]
[White "Oussedik, Elias"]
[Black "Plotkin, Victor"]
[Result "1/2-1/2"]
[WhiteElo "2155"]
[BlackElo "2265"]
[WhiteFideId "-1"]
[WhiteFideId "-1"]
[PlyCount "93"]
[GameId "2160767908410896"]
[EventDate "2017.06.27"]
[EventType "swiss"]
[EventRounds "9"]
[EventCountry "CAN"]

1. d4 d5 2. c4 e6 3. e3 Nf6 4. Nf3 Be7 5. Nc3 O-O 6. b3 c5 7. dxc5 Bxc5 8. cxd5 Bb4 9. Bd2 exd5 10. Be2 Nc6 11. a3 Be7 12. Nb5 Ne4 13. O-O Bf5 14. Nbd4 Nxd4 15. Nxd4 Bg6 16. Bc1 Nc3 17. Qd2 Nxe2+ 18. Qxe2 Qd7 19. Bb2 Rac8 20. Rac1 Bf6 21. Qd2 Be4 22. f3 Bg6 23. Ne2 Bxb2 24. Qxb2 Qe7 25. Rc3 Rxc3 26. Qxc3 Re8 27. Kf2 f6 28. Rd1 Bf7 29. g3 a6 30. b4 Qe5 31. Rc1 Qe7 32. Qd4 g5 33. Rc5 Rd8 34. Qc3 Rd7 35. Qd4 Bg6 36. Rc8+ Kf7 37. Qc5 Qxc5 38. Rxc5 Ke7 39. Ke1 Kd6 40. Kd2 Rc7 41. Rxc7 Kxc7 42. Kc1 Kd6 43. Nc3 b6 44. a4 Be8 45. a5 bxa5 46. bxa5 Bb5 47. Ne2 1/2-1/2

[Event "CAN-ch"]
[Site "Montreal CAN"]
[Date "2017.06.29"]
[Round "6.8"]
[White "Huang, Qiuyu"]
[Black "Tomb, Maroun"]
[Result "1/2-1/2"]
[WhiteElo "2034"]
[BlackElo "2157"]
[WhiteFideId "-1"]
[WhiteFideId "-1"]
[PlyCount "113"]
[GameId "2160767908410898"]
[EventDate "2017.06.27"]
[EventType "swiss"]
[EventRounds "9"]
[EventCountry "CAN"]

1. e4 d6 2. d4 Nf6 3. Nc3 e5 4. Nge2 Nbd7 5. f3 c6 6. Be3 Be7 7. Qd2 a5 8. g3 a4 9. Bg2 Qa5 10. O-O O-O 11. h3 b5 12. f4 Nb6 13. dxe5 dxe5 14. Nd5 Nfxd5 15. Qxa5 Rxa5 16. exd5 Nxd5 17. Bd2 Bb4 18. c3 Bc5+ 19. Kh2 exf4 20. c4 fxg3+ 21. Nxg3 Bb4 22. cxd5 Bxd2 23. dxc6 Be6 24. Nf5 g5 25. Ne7+ Kg7 26. Nd5 Ra7 27. Rfd1 Ba5 28. Rac1 Rc8 29. Rc5 h6 30. Kh1 Ra6 31. Rdc1 Bd2 32. R1c2 Be1 33. c7 Bxd5 34. Bxd5 Ra7 35. Re2 Bg3 36. Re7 Rcxc7 37. Rcxc7 Rxc7 38. Rxc7 Bxc7 39. Bc6 b4 40. Bxa4 Be5 41. a3 bxa3 42. bxa3 Bd6 43. Bc2 Bxa3 44. Kg2 Kf6 45. Kf3 h5 46. Bb3 Kg6 47. Ba4 Bd6 48. Bc2+ f5 49. Bd3 g4+ 50. hxg4 hxg4+ 51. Kg2 Kg5 52. Bc2 Kf4 53. Bd3 Bc5 54. Bc2 Kg5 55. Bd3 f4 56. Be2 Kf5 57. Bd1 1/2-1/2

[Event "CAN-ch"]
[Site "Montreal CAN"]
[Date "2017.06.29"]
[Round "6.9"]
[White "Durette, Francis"]
[Black "Gaisinsky, Adam"]
[Result "0-1"]
[WhiteElo "2028"]
[BlackElo "1922"]
[WhiteFideId "-1"]
[WhiteFideId "-1"]
[PlyCount "104"]
[GameId "2160767908410899"]
[EventDate "2017.06.27"]
[EventType "swiss"]
[EventRounds "9"]
[EventCountry "CAN"]

1. e4 e5 2. Nf3 Nc6 3. d4 exd4 4. Nxd4 Nf6 5. Nc3 Bb4 6. Nxc6 bxc6 7. Bd3 O-O 8. O-O Re8 9. Qf3 h6 10. h3 d5 11. exd5 cxd5 12. Bf4 c6 13. Ne2 Ne4 14. c3 Bc5 15. Ng3 f5 16. Qh5 Rf8 17. Rad1 Qf6 18. b4 Bb6 19. c4 g5 20. cxd5 gxf4 21. Nxe4 fxe4 22. Bxe4 Bb7 23. Rfe1 Rad8 24. dxc6 Rxd1 25. Rxd1 Bxc6 26. Bg6 Qg5 27. Qxg5 hxg5 28. Rd6 Rc8 29. Bf5 Rc7 30. Rg6+ Kf7 31. Rxg5 Kf6 32. h4 Bd7 33. Bxd7 Rxd7 34. g4 fxg3 35. Rxg3 Rd4 36. a3 Rxh4 37. Rd3 Rf4 38. Rd2 Ke5 39. Kg2 Rc4 40. Kf1 Bd4 41. Ke2 Rc3 42. Ra2 Rb3 43. Kd2 Bxf2 44. Kc2 Rf3 45. a4 Be1 46. b5 Rf2+ 47. Kb3 Rxa2 48. Kxa2 Kd4 49. Kb3 Ba5 50. Kb2 Kc4 51. Ka3 Kc3 52. Ka2 Kb4 0-1

[Event "CAN-ch"]
[Site "Montreal CAN"]
[Date "2017.06.29"]
[Round "6.11"]
[White "Ostaci, Liviu"]
[Black "Lecomte, Andre"]
[Result "0-1"]
[WhiteElo "1624"]
[BlackElo "1947"]
[WhiteFideId "-1"]
[WhiteFideId "-1"]
[PlyCount "78"]
[GameId "2160767908410900"]
[EventDate "2017.06.27"]
[EventType "swiss"]
[EventRounds "9"]
[EventCountry "CAN"]

1. e4 c5 2. Nf3 Nc6 3. d4 cxd4 4. Nxd4 Nf6 5. Nc3 e5 6. Ndb5 d6 7. Nd5 Nxd5 8. exd5 Ne7 9. c4 Nf5 10. g3 Be7 11. Bg2 O-O 12. O-O a6 13. Na3 Bd7 14. b3 Rc8 15. Re1 Re8 16. Bd2 g6 17. Rc1 b6 18. Nc2 a5 19. a4 Bg5 20. Rb1 Bxd2 21. Qxd2 h5 22. Rbd1 Kh7 23. Be4 Nh6 24. Bg2 f5 25. Bf1 Nf7 26. Bd3 Ng5 27. Be2 h4 28. f3 hxg3 29. hxg3 Kg7 30. Kg2 Qf6 31. Rh1 f4 32. gxf4 exf4 33. Nd4 Rh8 34. Rdf1 Ne4 35. fxe4 Qg5+ 36. Bg4 Qxg4+ 37. Kf2 Qg3+ 38. Ke2 Bg4+ 39. Nf3 Rxh1 0-1

[Event "CAN-ch"]
[Site "Montreal CAN"]
[Date "2017.06.29"]
[Round "6.12"]
[White "Marin, Sam"]
[Black "Mills, Morgon"]
[Result "0-1"]
[WhiteElo "1921"]
[BlackElo "2011"]
[WhiteFideId "-1"]
[WhiteFideId "-1"]
[PlyCount "124"]
[GameId "2160767908410901"]
[EventDate "2017.06.27"]
[EventType "swiss"]
[EventRounds "9"]
[EventCountry "CAN"]

1. Nf3 d5 2. c4 e6 3. g3 Nf6 4. Bg2 Be7 5. O-O O-O 6. cxd5 exd5 7. d4 Be6 8. Nc3 c6 9. Ne5 Qc8 10. Qb3 Ne4 11. Be3 Nd7 12. Nxd7 Qxd7 13. Rfd1 Nd6 14. f3 Rfe8 15. Bf2 Bf6 16. Qc2 Nf5 17. Qd2 Rad8 18. Na4 b6 19. Nc3 Qe7 20. g4 Nh4 21. Bg3 Nxg2 22. Kxg2 Bc8 23. Re1 Bb7 24. Rad1 Qd7 25. g5 Be7 26. e4 dxe4 27. fxe4 Qg4 28. Qf4 Qxg5 29. Qxg5 Bxg5 30. d5 cxd5 31. exd5 Rxe1 32. Rxe1 Bf6 33. Bc7 Rc8 34. Kg3 Bxc3 35. bxc3 Bxd5 36. a3 Be6 37. Rd1 Kf8 38. Rd8+ Rxd8 39. Bxd8 Ke8 40. Bh4 Kd7 41. Kf4 Kc6 42. Ke4 Kc5 43. Kd3 Bf5+ 44. Kd2 Kc4 45. Be7 Bh3 46. Bd6 f5 47. Bb8 a6 48. Bc7 b5 49. Be5 g6 50. Kc2 Kd5 51. Bf4 Ke4 52. Bg5 Kf3 53. Kd3 h5 54. Bh6 Kg2 55. Bf4 Kf3 56. Bh6 Bf1+ 57. Kd4 h4 58. Ke5 Kg4 59. Be3 g5 60. Kf6 f4 61. Bg1 h3 62. Bd4 Bd3 0-1

[Event "CAN-ch"]
[Site "Montreal CAN"]
[Date "2017.06.30"]
[Round "7.2"]
[White "Clyde, Jordan"]
[Black "Sambuev, Bator"]
[Result "0-1"]
[WhiteElo "2173"]
[BlackElo "2539"]
[WhiteFideId "-1"]
[WhiteFideId "-1"]
[PlyCount "100"]
[GameId "2160767908410905"]
[EventDate "2017.06.27"]
[EventType "swiss"]
[EventRounds "9"]
[EventCountry "CAN"]

1. e4 d5 2. exd5 Qxd5 3. Nc3 Qa5 4. Qf3 Nf6 5. d4 c6 6. h3 Nbd7 7. Bd2 e5 8. O-O-O exd4 9. Re1+ Kd8 10. Nb1 Qxa2 11. Qg3 Nc5 12. Qh4 Qd5 13. Nf3 Nce4 14. Bc4 Qxc4 15. Rxe4 c5 16. Nxd4 Qa6 17. Nf3 Be7 18. Rd1 Ke8 19. Re5 Be6 20. Ng5 Nd7 21. Re4 Nf8 22. Rde1 Rd8 23. f4 Rd5 24. Bc3 Ng6 25. Qg3 Bf5 26. Nxf7 Bxe4 27. Nxh8 Qd6 28. Nd2 Bf5 29. Nxg6 hxg6 30. Qh4 Kf7 31. Qh8 Bf8 32. Be5 Qa6 33. Bxg7 Qa1+ 34. Nb1 Rd1+ 35. Rxd1 Bxg7 36. Qd8 Qxb2+ 37. Kd2 Qxc2+ 38. Ke1 Qe4+ 39. Kf1 Qxf4+ 40. Kg1 Bd4+ 41. Kh1 Be5 42. Qd5+ Kg7 43. Kg1 Be4 44. Qd7+ Kh6 45. Qg4 Bd4+ 46. Kh1 Qxg4 47. hxg4 g5 48. Nd2 Bd5 49. Nf3 Bxf3 50. gxf3 a5 0-1

[Event "CAN-ch"]
[Site "Montreal CAN"]
[Date "2017.06.30"]
[Round "7.5"]
[White "Yu, Zong Yang"]
[Black "Chabot, Roland"]
[Result "1-0"]
[WhiteElo "2393"]
[BlackElo "2144"]
[WhiteFideId "-1"]
[WhiteFideId "-1"]
[PlyCount "55"]
[GameId "2160767908410907"]
[EventDate "2017.06.27"]
[EventType "swiss"]
[EventRounds "9"]
[EventCountry "CAN"]

1. d4 e6 2. c4 f5 3. Nf3 Nf6 4. e3 b6 5. Bd3 Bb7 6. O-O Be7 7. Nc3 O-O 8. b3 Qe8 9. Bb2 Qh5 10. Be2 Qh6 11. d5 Na6 12. Rc1 Nc5 13. Nb5 Nce4 14. Nxc7 Rac8 15. Nb5 a6 16. Nc3 Bd6 17. h3 f4 18. Nxe4 Nxe4 19. Qd4 Ng5 20. Qxb6 Bc7 21. Qxb7 Nxh3+ 22. gxh3 Qxh3 23. d6 Bd8 24. Qxc8 Bf6 25. Qxf8+ Kxf8 26. Bxf6 gxf6 27. Nh2 fxe3 28. f4 1-0

[Event "CAN-ch"]
[Site "Montreal CAN"]
[Date "2017.06.30"]
[Round "7.6"]
[White "Itkin, David"]
[Black "Plotkin, Victor"]
[Result "1-0"]
[WhiteElo "2147"]
[BlackElo "2265"]
[WhiteFideId "-1"]
[WhiteFideId "-1"]
[PlyCount "81"]
[GameId "2160767908410908"]
[EventDate "2017.06.27"]
[EventType "swiss"]
[EventRounds "9"]
[EventCountry "CAN"]

1. e4 e5 2. Nf3 Nf6 3. Nxe5 d6 4. Nf3 Nxe4 5. d4 d5 6. Bd3 Nc6 7. O-O Be7 8. c4 Nb4 9. cxd5 Nxd3 10. Qxd3 Qxd5 11. Re1 Bf5 12. Ne5 Nd6 13. Nc3 Qe6 14. Qd1 O-O 15. Nc6 Qxe1+ 16. Qxe1 bxc6 17. d5 c5 18. Bf4 Rfe8 19. Qd1 Bf6 20. Qf3 Bg6 21. Rc1 Rab8 22. b3 Re7 23. h3 Nf5 24. Qd3 Rbe8 25. Qa6 h5 26. Kh2 Bd4 27. Nd1 Re2 28. Bxc7 h4 29. Bf4 Bxf2 30. Nxf2 Rxf2 31. Rf1 Rc2 32. d6 Nd4 33. d7 Rf8 34. Qc8 Ne6 35. Bd6 Be4 36. Rg1 Ng5 37. Qxf8+ Kh7 38. Qh8+ Kg6 39. d8=Q Nf3+ 40. Kh1 Nxg1 41. Qhxh4 1-0

[Event "CAN-ch"]
[Site "Montreal CAN"]
[Date "2017.06.30"]
[Round "7.7"]
[White "Tomb, Maroun"]
[Black "Oussedik, Elias"]
[Result "1/2-1/2"]
[WhiteElo "2157"]
[BlackElo "2155"]
[WhiteFideId "-1"]
[WhiteFideId "-1"]
[PlyCount "155"]
[GameId "2160767908410909"]
[EventDate "2017.06.27"]
[EventType "swiss"]
[EventRounds "9"]
[EventCountry "CAN"]

1. e4 e6 2. d4 d5 3. Nd2 Nf6 4. e5 Nfd7 5. Bd3 c5 6. c3 Nc6 7. Ngf3 g6 8. h4 h6 9. Bc2 Bg7 10. Nf1 b5 11. Ng3 b4 12. O-O a5 13. Re1 Ba6 14. Be3 Bb5 15. a3 cxd4 16. cxd4 a4 17. Ne2 b3 18. Bd3 Bxd3 19. Qxd3 Na5 20. Nf4 O-O 21. Qe2 Qb6 22. Bd2 Nc4 23. Bb4 Rfc8 24. Rac1 Nb8 25. Nd3 Na6 26. Bc5 Qa5 27. h5 g5 28. Nh2 Nxc5 29. Nxc5 Nxe5 30. Nxe6 fxe6 31. dxe5 Qb6 32. Ng4 Qd4 33. Rxc8+ Rxc8 34. Qa6 Re8 35. Qc6 Rf8 36. Qxe6+ Kh8 37. Re3 Qxb2 38. Rf3 Qc1+ 39. Kh2 Qc8 40. Rxf8+ Qxf8 41. Nf6 b2 42. Qb6 Qxa3 43. Qb8+ Qf8 44. Qxb2 a3 45. Qb1 Bxf6 46. exf6 Qxf6 47. Qb8+ Kg7 48. Qa7+ Qf7 49. Qxa3 Qxh5+ 50. Kg1 Qd1+ 51. Kh2 Qh5+ 52. Kg1 Qd1+ 53. Kh2 Qe1 54. Qa7+ Kg6 55. Qb6+ Kg7 56. Qb7+ Kf6 57. Qc6+ Qe6 58. Qc5 Qe7 59. Qd4+ Kg6 60. g3 Qe6 61. Qd3+ Qf5 62. Qa6+ Kg7 63. Qb7+ Qf7 64. Qb2+ Qf6 65. Qb7+ Qf7 66. Qb2+ Kg6 67. Qc2+ Kf6 68. Qc3+ Ke6 69. Qe3+ Kd6 70. Qb6+ Ke7 71. Qc5+ Kd7 72. Qa7+ Ke6 73. Qb6+ Ke5 74. Qe3+ Kf6 75. Qc3+ Kg6 76. Qc2+ Kf6 77. Qc3+ Kg6 78. Qc2+ 1/2-1/2

[Event "CAN-ch"]
[Site "Montreal CAN"]
[Date "2017.06.30"]
[Round "7.8"]
[White "Gaisinsky, Adam"]
[Black "Huang, Qiuyu"]
[Result "1/2-1/2"]
[WhiteElo "1922"]
[BlackElo "2034"]
[WhiteFideId "-1"]
[WhiteFideId "-1"]
[PlyCount "184"]
[GameId "2160767908410910"]
[EventDate "2017.06.27"]
[EventType "swiss"]
[EventRounds "9"]
[EventCountry "CAN"]

1. e4 c5 2. Nf3 Nc6 3. d4 cxd4 4. Nxd4 e5 5. Nb5 d6 6. N1c3 a6 7. Na3 b5 8. Nd5 Nge7 9. Bd3 Nxd5 10. exd5 Nd4 11. O-O Be7 12. f4 O-O 13. fxe5 dxe5 14. c3 b4 15. Nc4 bxc3 16. bxc3 Nb5 17. Bc2 Bc5+ 18. Kh1 e4 19. Bxe4 Nxc3 20. Bxh7+ Kxh7 21. Qd3+ Kg8 22. Qxc3 Qxd5 23. Bb2 f6 24. Rad1 Qh5 25. Ne3 Be6 26. Rd3 Rac8 27. Qd2 Qg6 28. Bd4 Rfd8 29. Rd1 a5 30. a3 a4 31. Bxc5 Rxd3 32. Qxd3 Qxd3 33. Rxd3 Rxc5 34. Kg1 Bb3 35. Rd4 Rc1+ 36. Kf2 Ra1 37. Nc4 Bxc4 38. Rxc4 Rxa3 39. Rc8+ Kf7 40. Ra8 Ra2+ 41. Kg3 Ke6 42. Ra5 a3 43. h4 Kf7 44. Ra7+ Kg6 45. h5+ Kh6 46. Ra5 Ra1 47. Kh2 Kh7 48. g4 Kh6 49. Kg2 a2 50. Kh2 Kh7 51. Kg2 Kg8 52. Ra7 Kf8 53. Kh2 Ke8 54. Kg2 Kd8 55. Kh2 Kc8 56. Kg2 Kb8 57. Ra4 Kb7 58. Kh2 Kb6 59. Kg2 Kb5 60. Ra8 Kc4 61. Ra7 Kd4 62. Ra4+ Kd5 63. Kh2 Kc5 64. Kg2 Kb6 65. Ra8 Kb5 66. Ra7 Kc4 67. Ra8 Kd4 68. Ra4+ Ke3 69. Ra3+ Kf4 70. Ra4+ Kg5 71. Kh2 Kh4 72. Kg2 Rb1 73. Rxa2 Kxg4 74. Ra7 Rb2+ 75. Kg1 Kxh5 76. Rxg7 f5 77. Rg8 Kh4 78. Kf1 Kh3 79. Kg1 Ra2 80. Rg7 Kh4 81. Rg8 Ra4 82. Kf2 Rg4 83. Rxg4+ Kxg4 84. Kg2 f4 85. Kf2 f3 86. Kf1 Kf5 87. Kf2 Ke4 88. Kf1 Kf4 89. Kf2 Kg4 90. Kf1 Kg3 91. Kg1 f2+ 92. Kf1 Kf3 1/2-1/2

[Event "CAN-ch"]
[Site "Montreal CAN"]
[Date "2017.06.30"]
[Round "7.10"]
[White "Lecomte, Andre"]
[Black "Durette, Francis"]
[Result "0-1"]
[WhiteElo "1947"]
[BlackElo "2028"]
[WhiteFideId "-1"]
[WhiteFideId "-1"]
[PlyCount "108"]
[GameId "2160767908410911"]
[EventDate "2017.06.27"]
[EventType "swiss"]
[EventRounds "9"]
[EventCountry "CAN"]

1. e4 e5 2. Nf3 Nc6 3. d4 exd4 4. Bc4 Nf6 5. O-O Nxe4 6. Re1 d5 7. Bxd5 Qxd5 8. Nc3 Qd8 9. Nxe4 Be7 10. Bf4 O-O 11. c3 Bf6 12. cxd4 Bg4 13. Rc1 Bxd4 14. Rxc6 Bxf3 15. Qxf3 bxc6 16. b3 c5 17. h3 Re8 18. Rc1 Qe7 19. Ng3 Qf6 20. Nh5 Qa6 21. Ng3 Qxa2 22. Nf5 Rac8 23. Qg3 Kh8 24. Nxd4 cxd4 25. Be5 f6 26. Bxd4 c5 27. Rxc5 Rxc5 28. Bxc5 Qa1+ 29. Kh2 h6 30. b4 a6 31. h4 Re1 32. Qd6 Rh1+ 33. Kg3 Qc3+ 34. Be3 Qc4 35. Qb8+ Kh7 36. Qf4 Qxf4+ 37. Bxf4 Kg6 38. Kg4 f5+ 39. Kg3 Kh5 40. Bd6 Rxh4 41. f3 Rd4 42. Kh3 g5 43. Be7 g4+ 44. fxg4+ fxg4+ 45. Kg3 Kg6 46. Bd6 h5 47. Be7 Kf5 48. Kh4 Rd2 49. Kg3 Rb2 50. Bc5 h4+ 51. Kh2 h3 52. Kg1 hxg2 53. Bf8 Ke4 54. Be7 Kf3 0-1

[Event "CAN-ch"]
[Site "Montreal CAN"]
[Date "2017.06.30"]
[Round "7.11"]
[White "Mills, Morgon"]
[Black "Ostaci, Liviu"]
[Result "1-0"]
[WhiteElo "2011"]
[BlackElo "1624"]
[WhiteFideId "-1"]
[WhiteFideId "-1"]
[PlyCount "75"]
[GameId "2160767908410912"]
[EventDate "2017.06.27"]
[EventType "swiss"]
[EventRounds "9"]
[EventCountry "CAN"]

1. e4 c5 2. Nf3 d6 3. c3 Nf6 4. Be2 g6 5. O-O Bg7 6. Qc2 O-O 7. d4 cxd4 8. cxd4 Bg4 9. Nc3 Bxf3 10. Bxf3 Nc6 11. Rd1 Nd7 12. Be3 Na5 13. Qa4 Rc8 14. Nd5 Nc6 15. Rac1 Re8 16. b3 e6 17. Nc3 Nb6 18. Qa3 d5 19. exd5 exd5 20. Qb2 f5 21. Qd2 Bf6 22. g3 Kg7 23. h4 Be7 24. Bg5 Qd7 25. Bxe7 Rxe7 26. Ne2 Rd8 27. Nf4 Rde8 28. Kf1 h6 29. Re1 g5 30. hxg5 hxg5 31. Rxc6 bxc6 32. Ne6+ Rxe6 33. Rxe6 f4 34. Bg4 Qf7 35. Qe2 Kf8 36. Qe5 Qg7 37. Qf5+ Kg8 38. Rg6 1-0

[Event "CAN-ch"]
[Site "Montreal CAN"]
[Date "2017.06.30"]
[Round "7.12"]
[White "Masse, Hugues"]
[Black "Marin, Sam"]
[Result "1-0"]
[WhiteElo "2138"]
[BlackElo "1921"]
[WhiteFideId "-1"]
[WhiteFideId "-1"]
[PlyCount "153"]
[GameId "2160767908410913"]
[EventDate "2017.06.27"]
[EventType "swiss"]
[EventRounds "9"]
[EventCountry "CAN"]

1. Nf3 Nf6 2. c4 c5 3. b3 Nc6 4. Bb2 d6 5. d4 cxd4 6. Nxd4 g6 7. g3 Bg7 8. Bg2 Bd7 9. O-O O-O 10. Nc3 Rc8 11. Qd2 a6 12. Rac1 Qa5 13. Nxc6 bxc6 14. Rfd1 Rfd8 15. Na4 Qxd2 16. Rxd2 Bh6 17. e3 Bf5 18. Nc3 Be6 19. Rcd1 Bg4 20. Ne2 Ne8 21. h3 Bd7 22. f4 f5 23. Kh2 Bg7 24. Bxg7 Kxg7 25. e4 fxe4 26. Bxe4 Nf6 27. Bg2 c5 28. Nc3 Bc6 29. Re1 Rd7 30. Rde2 Kf7 31. g4 Bxg2 32. Kxg2 Re8 33. Re6 Ra7 34. Kg3 h6 35. R1e2 Nd7 36. R6e3 Nb8 37. Ne4 Rd8 38. Nd2 Nc6 39. Nf3 a5 40. Re6 Rg8 41. f5 gxf5 42. Rxh6 fxg4 43. hxg4 a4 44. Rh7+ Rg7 45. Ng5+ Kg8 46. Rh5 axb3 47. Reh2 Rg6 48. Rh8+ Kg7 49. R8h7+ Kg8 50. Rh8+ Kg7 51. R2h7+ Kf6 52. Rf8+ Ke5 53. Nf3+ Ke6 54. axb3 Ra3 55. Nd2 Ne5 56. Rf4 Ra1 57. Nf3 Rb1 58. Nxe5 dxe5 59. Rff7 Rxb3+ 60. Kh4 Rb7 61. g5 e4 62. Kg4 Ke5 63. Rxe7+ Rxe7 64. Rxe7+ Kd4 65. Kf5 Rg8 66. Rxe4+ Kd3 67. Rh4 Rf8+ 68. Ke6 Rg8 69. Kf6 Rf8+ 70. Kg7 Rf1 71. g6 Rc1 72. Kh8 Rxc4 73. Rxc4 Kxc4 74. g7 Kd3 75. g8=Q c4 76. Qd5+ Kc3 77. Kg7 1-0